000 00304nam a2200121 a 4500
005 20140414132114.0
008 110824s19uu xx 00 eng d
050 _aER
_bSp741 2006
100 _aTan, Susan
245 _aSpecial Kids.
260 _aMalaysia :
_bPenerbitan Pelangi,
_c2006.
999 _c114866
_d114866